000 00341nam a2200145Ia 4500
008 230718s9999 xx 000 0 und d
041 _aEng.
082 _a342.54
_bKHA-H
100 _aKhan, Barrister Zafarullah
245 0 _aHuman Rights
260 _aPakistan
_bPakistan law house
_c2007
300 _a356
650 _aLaw
999 _c29468
_d29468